Construction project manager's pocket book (Record no. 115698)

MARC details
000 -LEADER
fixed length control field 01197cam a22002895a 4500
001 - CONTROL NUMBER
control field L159139
008 - FIXED-LENGTH DATA ELEMENTS--GENERAL INFORMATION
fixed length control field 090929s2015 xxk f 000 0 eng d
020 ## - INTERNATIONAL STANDARD BOOK NUMBER
International Standard Book Number 9780415732390
035 ## - SYSTEM CONTROL NUMBER
System control number (Sirsi) u159139
041 0# - LANGUAGE CODE
Language code of text/sound track or separate title eng
050 04 - LIBRARY OF CONGRESS CALL NUMBER
Classification number 658.404 $2 18
100 1# - MAIN ENTRY--PERSONAL NAME
Personal name Cartlidge, Duncan
245 00 - TITLE STATEMENT
Title Construction project manager's pocket book
260 ## - PUBLICATION, DISTRIBUTION, ETC.
Place of publication, distribution, etc. Oxon
Name of publisher, distributor, etc. Routledge
-- Taylor and Francis
Date of publication, distribution, etc. 2015
520 ## - SUMMARY, ETC.
Summary, etc. Covers all of the essentials of the role including pre-construction activities, design management and BIM, procurement, feasability studies, environmental management systems, people skills, recommended documents formats, occupancy activities. Reference is made to RIBA Plan of Work and Office of Government Commerce Gateway process throughout.
650 ## - SUBJECT ADDED ENTRY--TOPICAL TERM
Topical term or geographic name entry element RIBA PLAN OF WORKS 2013
650 24 - SUBJECT ADDED ENTRY--TOPICAL TERM
Topical term or geographic name entry element OFFICE OF GOVERNMENT COMMERCE GATEWAY
650 24 - SUBJECT ADDED ENTRY--TOPICAL TERM
Topical term or geographic name entry element BIM
9 (RLIN) 6219
650 24 - SUBJECT ADDED ENTRY--TOPICAL TERM
Topical term or geographic name entry element PRE-CONTRACT PROCEDURES
650 24 - SUBJECT ADDED ENTRY--TOPICAL TERM
Topical term or geographic name entry element CONSTRUCTION PROJECTS
650 24 - SUBJECT ADDED ENTRY--TOPICAL TERM
Topical term or geographic name entry element OCCUPANCY
651 #4 - SUBJECT ADDED ENTRY--GEOGRAPHIC NAME
Geographic name ENGLAND AND WALES
690 ## - LOCAL SUBJECT ADDED ENTRY--TOPICAL TERM (OCLC, RLIN)
Topical term or geographic name as entry element Project management
9 (RLIN) 6261
856 40 - ELECTRONIC LOCATION AND ACCESS
Uniform Resource Identifier <a href="https://www.vlebooks.com/">https://www.vlebooks.com/</a>
Public note View on VLEbooks. Logins for members only from [email protected]
942 ## - ADDED ENTRY ELEMENTS (KOHA)
Suppress in OPAC 0
Holdings
Withdrawn status Lost status Source of classification or shelving scheme Damaged status Not for loan Home library Current library Shelving location Date acquired Total Checkouts Full call number Barcode Date last seen Copy number Price effective from Koha item type
    Dewey Decimal Classification     London London Books 08/02/2016   658.404 CAR 30078845 06/08/2019 1 06/08/2019 Book
    Dewey Decimal Classification     Virtual Virtual Online 19/05/2017   EBOOK 159139-2001 06/08/2019 1 06/08/2019 Book